000 00431nam a22001577a 4500
005 20231212143000.0
008 231212b |||||||| |||| 00| 0 eng d
082 _a658.45
_bIMR
100 _aImran, Ahmad Hashmi
245 _aBusiness Communication
_bShort Questions/Answers B.Com-II
260 _aLahore
_bAzeem Academy
300 _a306
650 _aManagement/Business Communication
700 _aRizwan, Saeed
999 _c34903
_d34903